000 00897nam a2200241 4500
001 2723628
005 19700909000000.0
008 700730s1970 nyu | b 001 0 eng d
010 _a 77106537
040 _aDLC
_cDLC
_dDLC
043 _an-us---
050 0 0 _aUA23
_b.D63 1970
082 0 0 _a355.02130973
_bDON
_222
100 1 _aDonovan, James A.
_910194
245 1 0 _aMilitarism, U.S.A./
_cJames A. Donovan With a foreword by David M. Shoup.
260 _aNew York:
_bScribner,
_c1970
300 _axxi, 265 p.;
_c21 cm.
500 _aDonated by: Alaa Abdel Ghany
504 _aIncludes bibliography: p. 243-249 and index
650 0 _aMilitarism
_zUnited States.
_910195
942 _2ddc
_cBB
999 _c13092
_d13092